| 000 | 00580nam a2200217Ii 4500 | ||
|---|---|---|---|
| 003 | JO-AjNU | ||
| 005 | 20240109121146.0 | ||
| 008 | 230606s9999||||xx |||||||||||||| ||und|| | ||
| 020 | _a978-18-67306-26-9 | ||
| 040 |
_aJO-AjNU _beng _erda _cJO-AjNU |
||
| 041 | _aeng | ||
| 050 | 1 | 4 | _aQA76.9.2020 |
| 245 | 0 | 0 | _aInformation Retrieval: Complete self-Assesssment Guide |
| 260 | _c2020 | ||
| 300 | _a305p | ||
| 336 |
_atext _btxt _2rdacontent |
||
| 337 |
_aunmediated _bn _2rdamedia |
||
| 338 |
_avolume _bnc _2rdacarrier |
||
| 650 | 4 |
_aInformation-Retrieval _96470 |
|
| 942 |
_2lcc _cBK |
||
| 999 |
_c3353 _d3353 |
||